Alle Bundesstaaten der USA auf einer Karte - Statistiken

Allgemein
  • Dieses Quiz wurde 158 mal gespielt
  • Das Durchschnittsergebnis liegt bei 41 aus 50
Antworten auf der Karte
Die Antworten werden auf der Karte rot bzw. grün angezeigt, abhängig davon wie oft sie richtig erraten wurden.
 
Antwortstatistiken
Antwort % Korrekt
Texas
96%
Florida
95%
Kalifornien
95%
New York
94%
Washington
94%
Alaska
92%
Mississippi
91%
Hawaii
90%
North Dakota
89%
South Dakota
89%
Alabama
87%
New Mexico
87%
South Carolina
87%
North Carolina
86%
Virginia
84%
Arkansas
83%
Idaho
83%
Kansas
83%
Nevada
83%
Ohio
83%
West Virginia
83%
Georgia
82%
Illinois
82%
Kentucky
82%
Oregon
82%
Arizona
81%
Maine
81%
Utah
81%
Indiana
80%
New Jersey
80%
Tennessee
80%
Michigan
78%
Wisconsin
78%
Louisiana
77%
Maryland
77%
Wyoming
77%
Colorado
76%
Nebraska
76%
Oklahoma
76%
Rhode Island
76%
Minnesota
75%
Missouri
75%
Delaware
74%
Iowa
74%
Montana
74%
Pennsylvania
73%
Vermont
73%
Massachusetts
72%
New Hampshire
68%
Connecticut
63%
Keine übereinstimmenden Quizze gefunden
Verteilung der Resultate
Anzahl Personen mit jedem Resultat
Perzentil nach korrekt beantworteten Fragen
Ihre Resultats-Entwicklung
Sie haben dieses Quiz noch nicht gespielt